[Event "AUTO-INT-2331"]
[Site "http://www.queenalice.com/game.php?id=1151099"]
[Date "2013.2.12"]
[Round "2"]
[White "marcomasao"]
[Black "Fabiojr"]
[Result "1-0"]
[WhiteElo "1607"]
[BlackElo "1754"]

1. e4 e5 2. Bc4 Nf6 3. Nc3 Bb4 4. a3 Bxc3 5. dxc3 c6 6. Qe2 d5 7. exd5 cxd5 8.
Ba2 O-O 9. Bd2 Nc6 10. Nf3 Bg4 11. h3 Bxf3 12. Qxf3 e4 13. Qf4 Re8 14. Be3 Ne5
15. O-O-O Ng6 16. Qh2 b6 17. h4 Ne7 18. Qh3 Nc6 19. Qg3 Nh5 20. Qg4 Re5 21. f4
Nxf4 22. Bxf4 f5 23. Qg3 Re6 24. Bxd5 1-0

[Event "AUTO-INT-2331"]
[Site "http://www.queenalice.com/game.php?id=1157669"]
[Date "2013.3.4"]
[Round "3"]
[White "FranzMeM"]
[Black "Fabiojr"]
[Result "0-1"]
[WhiteElo "1557"]
[BlackElo "1687"]

1. e4 c6 2. Nf3 g6 3. d4 d5 4. exd5 cxd5 5. h3 Nc6 6. Nc3 Nf6 7. Bd3 Bg7 8. a3
O-O 9. b4 a6 10. Bb2 b5 11. Ne5 Nxe5 12. dxe5 Nd7 13. Nxd5 Nxe5 14. Bxe5 Bxe5
15. Nxe7+ Qxe7 16. Qe2 Re8 17. O-O Bxa1 18. Qxe7 Rxe7 19. Rxa1 Bb7 20. c4 Rd8
21. Bf1 bxc4 22. Bxc4 Red7 23. Bb3 Rd2 24. Rb1 Bd5 25. Bxd5 R8xd5 26. g3 Rd1+
27. Rxd1 Rxd1+ 0-1

[Event "AUTO-INT-2331"]
[Site "http://www.queenalice.com/game.php?id=1157670"]
[Date "2013.3.4"]
[Round "3"]
[White "Fabiojr"]
[Black "FranzMeM"]
[Result "0-1"]
[WhiteElo "1710"]
[BlackElo "1534"]

1. e4 e5 2. Nf3 d6 3. Bc4 h6 4. Nc3 c6 5. d4 Nd7 6. O-O Be7 7. Qe2 a6 8. Rd1 b5
9. Bb3 Bb7 10. dxe5 Qc7 11. e6 fxe6 12. Bxe6 O-O-O 13. Bf4 g5 14. Bg3 Kb8 15.
Rd2 Ngf6 16. Rad1 Ne8 17. Bf7 Ka8 18. Bxe8 Rhxe8 19. Bxd6 Bxd6 20. Rxd6 Nc5 21.
Rxd8+ Rxd8 22. Rxd8+ Qxd8 23. e5 h5 24. h3 Bc8 25. Nd4 Qxd4 0-1

[Event "AUTO-INT-2331"]
[Site "http://www.queenalice.com/game.php?id=1157673"]
[Date "2013.3.4"]
[Round "3"]
[White "Fabiojr"]
[Black "marcomasao"]
[Result "0-1"]
[WhiteElo "1724"]
[BlackElo "1563"]

1. Nf3 Nc6 2. Nc3 e6 3. e4 Bc5 4. Bc4 Nge7 5. O-O h6 6. Re1 d6 7. d4 Bb6 8. d5
Ne5 9. Be3 Nxc4 10. Bxb6 axb6 11. b3 Na5 12. Qe2 exd5 13. exd5 c5 14. Nb5 Bd7
15. c4 Bxb5 16. cxb5 Qd7 17. Nd2 h5 18. Nc4 Nxc4 19. bxc4 g5 20. Qd2 g4 21. Re4
Rc8 22. Rae1 Qf5 23. Rxe7+ Kd8 24. Qe3 Qf6 25. Re8+ Rxe8 26. Qxe8+ Kc7 27. Re7+
Kb8 28. Qxf7 Qa1+ 0-1

[Event "AUTO-INT-2331"]
[Site "http://www.queenalice.com/game.php?id=1157674"]
[Date "2013.3.4"]
[Round "3"]
[White "marcomasao"]
[Black "Fabiojr"]
[Result "1-0"]
[WhiteElo "1579"]
[BlackElo "1732"]

1. e4 c6 2. Bc4 b5 3. Bb3 e6 4. a3 Bc5 5. Nf3 d6 6. Nc3 Nf6 7. d3 e5 8. h3 a5 9.
Ng5 h6 10. Nxf7 Qe7 11. Nxh8 Qf8 12. Ng6 a4 13. Nxf8 1-0

[Event "AUTO-OPEN-2946"]
[Site "http://www.queenalice.com/game.php?id=1162866"]
[Date "2013.3.20"]
[Round "1"]
[White "Fabiojr"]
[Black "oevidalr"]
[Result "0-1"]
[WhiteElo "1631"]
[BlackElo "1717"]

1. Nf3 d5 2. b3 Nc6 3. Bb2 Nf6 4. d4 e6 5. e3 a6 6. Be2 h6 7. Nc3 Bb4 8. O-O O-O
9. Bd3 Bxc3 10. Bxc3 b5 11. a3 Bd7 12. Ne5 Nxe5 13. dxe5 Nh7 14. Qg4 Qg5 15.
Bxh7+ Kxh7 16. Qxg5 hxg5 17. Rad1 c5 18. Rfe1 Rfe8 19. Ba5 Rab8 20. g4 Kg8 21.
f4 c4 22. h3 cxb3 23. cxb3 Rbc8 24. Rc1 Rxc1 25. Rxc1 Rf8 26. Rc7 Rc8 27. Rxc8+
Bxc8 28. Kf2 Kf8 29. Bd8 gxf4 30. exf4 Ke8 31. Bb6 Kd7 32. Ke3 Kc6 33. Bd4 Kc7
0-1

[Event "AUTO-OPEN-2946"]
[Site "http://www.queenalice.com/game.php?id=1162867"]
[Date "2013.3.20"]
[Round "1"]
[White "oevidalr"]
[Black "Fabiojr"]
[Result "1-0"]
[WhiteElo "1800"]
[BlackElo "1731"]

1. e4 d6 2. d4 e5 3. d5 c6 4. c4 Nf6 5. Nc3 cxd5 6. cxd5 Bd7 7. Qb3 Qc7 8. Bb5
b6 9. Bxd7+ Nbxd7 10. Nf3 Qc5 11. O-O Be7 12. Bg5 Rc8 13. Nb5 Nxe4 14. Bxe7 Kxe7
15. Nxa7 Qa5 16. Nxc8+ Kf8 17. Qd3 Nef6 18. Nxd6 Ke7 19. Nf5+ Kf8 20. Rac1 Qa8
21. Nd6 Ke7 22. Nf5+ Kf8 23. Nd6 Qb8 24. Rc8+ 1-0

[Event "AUTO-OPEN-2946"]
[Site "http://www.queenalice.com/game.php?id=1162868"]
[Date "2013.3.20"]
[Round "1"]
[White "Fabiojr"]
[Black "Enrico"]
[Result "1-0"]
[WhiteElo "1706"]
[BlackElo "1889"]

1. Nf3 d5 2. d4 Nc6 3. Bf4 Nf6 4. Nc3 a6 5. Qd2 e6 6. Ne5 Nxe5 7. Bxe5 Bd6 8.
O-O-O Bxe5 9. dxe5 Nd7 10. f4 c6 11. e4 O-O 12. exd5 cxd5 13. g4 h6 14. Bd3 b5
15. a3 Bb7 16. Qg2 Qc7 17. g5 d4 18. Ne4 f5 19. gxf6 Rf7 20. Qg6 Bxe4 21. Bxe4
Rb8 22. Qh7+ Kf8 23. Qh8# 1-0

[Event "AUTO-OPEN-2946"]
[Site "http://www.queenalice.com/game.php?id=1162869"]
[Date "2013.3.20"]
[Round "1"]
[White "Enrico"]
[Black "Fabiojr"]
[Result "1-0"]
[WhiteElo "1838"]
[BlackElo "1718"]

1. e4 Nf6 2. Nc3 Nc6 3. Nf3 e5 4. Bc4 Bb4 5. d3 Nd4 6. Bd2 b5 7. Nxb5 Bxd2+ 8.
Qxd2 Nxb5 9. Bxb5 O-O 10. Nxe5 Re8 11. Nc4 c6 12. Ba4 Qc7 13. Bb3 Ba6 14. Ne3
Qf4 15. c4 Rab8 16. h3 Bb7 17. Rd1 d6 18. Nc2 Qe5 19. Ne3 Nd7 20. Ng4 Qd4 21.
O-O Ne5 22. Nxe5 dxe5 23. a3 c5 24. Rc1 Bxe4 25. Rc3 Red8 26. Rd1 Bf5 27. Kf1
Rb6 28. Ba2 Rbd6 29. Bb1 e4 30. g4 Bg6 31. Ke2 Rf6 32. Qe3 exd3+ 33. Rcxd3 Bxd3+
34. Rxd3 Re6 35. Rxd4 cxd4 36. Qxe6 fxe6 37. Bd3 e5 38. h4 Kf7 39. Bxh7 Re8 40.
Be4 a5 41. a4 Rb8 42. Kd3 Rxb2 43. f3 Rb3+ 44. Ke2 Rc3 45. h5 Rxc4 46. Bd5+ 1-0

[Event "Challenge"]
[Site "http://www.queenalice.com/game.php?id=1164451"]
[Date "2013.3.24"]
[Round "-"]
[White "BAMATOS"]
[Black "Fabiojr"]
[Result "0-1"]
[WhiteElo "1246"]
[BlackElo "1729"]

1. e4 e5 2. Qf3 Nc6 3. Bc4 Nf6 4. Ne2 Na5 5. Bd3 Bc5 6. O-O d5 7. exd5 Qxd5 8.
Qg3 g6 9. Qh4 b6 10. Qxf6 Bb7 11. Qxh8+ Ke7 12. Qxh7 Qxg2# 0-1

[Event "AUTO-ADV-2814"]
[Site "http://www.queenalice.com/game.php?id=1169836"]
[Date "2013.4.9"]
[Round "1"]
[White "Fabiojr"]
[Black "adrian_iuga"]
[Result "0-1"]
[WhiteElo "1646"]
[BlackElo "1948"]

1. e4 c5 2. c4 d6 3. Nc3 Nc6 4. Nf3 a6 5. Be2 Nf6 6. d4 cxd4 7. Nxd4 g6 8. Nxc6
bxc6 9. O-O Bg7 10. Qa4 Bd7 11. Be3 c5 0-1

[Event "AUTO-ADV-2814"]
[Site "http://www.queenalice.com/game.php?id=1169837"]
[Date "2013.4.9"]
[Round "1"]
[White "adrian_iuga"]
[Black "Fabiojr"]
[Result "1-0"]
[WhiteElo "1952"]
[BlackElo "1642"]

1. e4 e5 2. Nf3 Nc6 3. d4 exd4 4. Nxd4 d5 5. Nxc6 bxc6 6. Be3 Nf6 7. exd5 Be7 8.
dxc6 Qxd1+ 9. Kxd1 O-O 10. Nc3 Rd8+ 11. Bd3 Bf5 12. Ke2 1-0